Retrouve les parties du corps sans les voyelles - Statistiques

Statistiques générales
  • Ce quiz a été pris 73 fois
    56 depuis la dernière actualisation
  • Le résultat moyen est 18 sur 22
Statistiques - réponses
Hint Réponse % Correct
JMB Jambe
100%
NZ Nez
100%
CHVLL Cheville
98%
DNT Dent
98%
CHV Cheveu
96%
DGT Doigt
96%
BRS Bras
94%
STMC Estomac
94%
NMBRL Nombril
91%
FSS Fesse
89%
CRV Cerveau
83%
NTSTN Intestin
83%
HNCH Hanche
81%
PMN Poumon
77%
MLLT Mollet
72%
LVR Lèvre
68%
NQ Nuque
66%
RLL Oreille
66%
LNG Langue
64%
NGL Ongle
64%
CSS Cuisse
49%
SRCL Sourcil
43%
Aucun quiz correspondant
Distribution des résultats
% des personnes avec chaque résultat
Percentile par nombre de réponses
Votre historique - résultats
Vous n’avez pas pris ce quiz depuis la dernière actualisation